000 00941nam a22002297a 4500
999 _c62318
_d62318
005 20240925152235.0
008 240925s2020 enk||||| |||| 00| 0 eng d
020 _a9780323531863x
041 _aeng
080 _a617 K-43
245 _aKidney Transplantation:
_bPrinciples and Practice /
_cEditor Peter J. Morris, Stuart J. Knechtle, Lorna P. Marson.
250 _a8th Edition
264 _aPhiladelphia:
_b Elsevier,
_c2020.
300 _a768 p.:
_bill.;
_c28 cm.
653 _aთირკმლის ტრანსპლანტაცია - პრინციპები და პრაქტიკა
653 _aმედიცინა
653 _aუროლოგია
700 _aMorris, Peter J.
_eრედაქტორი
_923281
700 _aKnechtle, Stuart J.
_eრედაქტორი
_923286
700 _a Marson, Lorna P.
_eრედაქტორი
_923287
942 _2udc
_cᲬᲘᲒᲜᲘ